Bilecik Bilecik Bilecik Bilecik Bilecik

Türk Amerikan ilışkılerı 1947-1964 / (Record no. 35103)

MARC details
000 -BAŞLIK
Sabit Uzunluktaki Kontrol Alanı 01289nam a22003497a 4500
001 - KONTROL NUMARASI
Control Dosyası 0035197
003 - KONTROL NUMARASI KİMLİĞİ
Kontrol Alanı KOHA_MİRAKIL
005 - EN SON İŞLEM TARİHİ ve ZAMANI
Kontrol Alanı 20260207002936.0
007 - FİZİKSEL TANIM SABİT ALAN - GENEL BİLGİ
Sabit uzunluklu kontrol alanı ta
008 - SABİT UZUNLUKTAKİ VERİ ÖGELERİ - GENEL BİLGİ
Sabit Alan 120207b1979 tu |||gr||||#0|||0|tur |
040 ## - KATALOGLAMA KAYNAĞI
Özgün Kataloglama Kurumu TR-BiSEU
Kataloglama Dili tur
Çeviri Kurumu TR-BiSEU
Açıklama Kuralları rda
041 0# - DİL KODU
Metin ya da ses kaydının dil kodu tur
044 ## - YAYINLAYAN/ÜRETEN KURULUŞUN ÜLKE KODU
ISO country code tu
050 ## - SINIFLAMA ve YER NUMARASI
Sınıflama Numarası DR479.U5
Yer Numarası S26 1979
100 1# - KİŞİ ADI
Yazar Adı (Kişi adı) Sander, Oral.
245 1# - ESER ADI BİLDİRİMİ
Başlık Türk Amerikan ilışkılerı 1947-1964 /
Sorumluluk Bildirimi Oral Sander ; Oral Sander.
264 #1 - ÜRERİM, YAYIN, DAĞITIM ve TELİF BİLDİRİMİ
Yayın yeri Ankara :
Yayınlayan Ankara Üniversitesi Siyasal Bilimler Fakültesi
Yayın tarihi 1979
300 ## - FİZİKSEL TANIMLAMA
Sayfa, Cilt vb. XVI, 260 sayfa ;
Boyutları 24 cm.
336 ## - İÇERİK TÜRÜ
Content type term metin
Content type code txt
Source rdacontent
337 ## - MEDYA TÜRÜ
Media type term aracısız
Media type code n
Source rdamedia
338 ## - TAŞIYICI TÜRÜ
Carrier type term cilt
Carrier type code nc
Source rdacarrier
490 1# - DİZİ BİLDİRİMİ
Dizi Bildirimi Ankara Universitesi Siyasal Bilimler Fakütesi yayınları ;
Cilt Numarası no: 427.
650 #0 - KONU BAŞLIĞI EK GİRİŞ - KONU TERİMİ
Konusal terim veya coğrafi ad Turkey--Foreign relations--United States.
9 (RLIN) 9895
650 #0 - KONU BAŞLIĞI EK GİRİŞ - KONU TERİMİ
Konusal terim veya coğrafi ad United States--Foreign relations--Turkey.
9 (RLIN) 9896
650 #0 - KONU BAŞLIĞI EK GİRİŞ - KONU TERİMİ
Konusal terim veya coğrafi ad Nort Atlantic treaty organization.
9 (RLIN) 67388
650 #0 - KONU BAŞLIĞI EK GİRİŞ - KONU TERİMİ
Konusal terim veya coğrafi ad Türkiye--Dış ilişkiler--Birleşik Devletler.
9 (RLIN) 9897
650 #0 - KONU BAŞLIĞI EK GİRİŞ - KONU TERİMİ
Konusal terim veya coğrafi ad Birleşik Devletler--Dış ilişkiler--Türkiye.
9 (RLIN) 9898
650 #0 - KONU BAŞLIĞI EK GİRİŞ - KONU TERİMİ
Konusal terim veya coğrafi ad Kuzey Atlantik savunma paktı.
9 (RLIN) 67389
830 1# - SERİ EK GİRİŞİ - TEKBİÇİM ESER ADI
Tekbiçim Başlık Ankara Universitesi Siyasal Bilimler Fakütesi yayınları ;
Volume number/sequential designation no: 427.
9 (RLIN) 67390
907 ## - LOCAL DATA ELEMENT G, LDG (RLIN)
a Tarih
942 ## - EK GİRİŞ ÖGELERİ (KOHA)
Source of classification or shelving scheme Library of Congress Classification
Koha item type Book
Holdings
Materyal Türü Kalıcı Konum Mevcut Konum Raf Yeri Sınıflandırma Kaynağı Edinim Bilgisi Ana Konular Alt Konular Yer Numarası Demirbaş Numarası Fatura Tarihi Geri Çekilme Durumu Kayıp Durumu Hasarlı Durumu Kredi için değil Kayıt Tarih Toplam Ödünçverme Son Görülme Tarihi Son Kontrol Tarihi Genel / Bağış Notu
Book Prof. Dr. Azmi Özcan Kütüphanesi Prof. Dr. Azmi Özcan Kütüphanesi Uluğbey Salonu Library of Congress Classification Bağış DÜNYA TARİHİ (AVRUPA, ASYA, AFRİKA VB.) Balkan Yarımadası DR479.U5 S26 1979 0035197 02/02/2026         07/02/2012 4 05/12/2024 05/12/2024 Genel Bağış